Biblioteca

In training : (Registro nro. 64636)

Detalles MARC
000 -LÍDER
Campo fijo de descripción fija 01235nam a22002774i 4500
001 - NÚMERO DE CONTROL
Campo de control 7002624
003 - IDENTIFICADOR DEL NÚMERO DE CONTROL
Campo de control CO-MdFUSB
005 - FECHA Y HORA DE LA ULTIMA TRANSACCIÓN
control field 20240618062719.0
008 - ELEMENTOS DE LONGITUD FIJA -- INFORMACIÓN GENERAL
Campo fijo de descripción fija -- Información general 801205s1947 enk 000 0 eng d
040 ## - FUENTE DE CATALOGACIÓN
Agencia de catalogación original OKG
Agencia que realiza la modificación CBC
Idioma de catalogación spa
Agencia que realiza la transcripción CO-MdFUSB
Convenciones de la descripción rda
041 ## - CÓDIGO DE IDIOMA
Código de idioma para texto/pista de sonido o título separado eng
082 ## - NÚMERO DE CLASIFICACIÓN DECIMAL DEWEY
Número de clasificación 266.1
Número de la edición del Dewey 23
Clave de autor-Numero de item H715
100 1# - ASIENTO PRINCIPAL--NOMBRE PERSONAL
Nombre personal Hogben, Rowland.
Término relacionador autor
245 13 - TÍTULO
Título del Material In training :
Parte restante del título - Subtitulo a guide to the preparation of the missionary
Mención de responsabilidad, etc. / Rowland Hogben ; editor A.T. Houghton.
264 ## - PRODUCCIÓN, PUBLICACIÓN, DISTRIBUCIÓN, MANUFACTURA, Y COPYRIGHT
Lugar de producción, publicación, distribución, manufactura Londres, Inglaterra :
Nombre del productor, publicador, distribuidor The Inter-Varsity Fellowship,
Fecha de producción, publicación, distribución, manufactura, o copyright ℗[1947]
300 ## - DESCRIPCIÓN FÍSICA
Extensión 188 páginas ;
Dimensiones 20 cm.
336 ## - TIPO DE CONTENIDO
Fuente rdacontent
Término de tipo de contenido texto
Código de tipo de contenido txt
337 ## - TIPO DE MEDIO
Fuente rdamedia
Nombre del tipo de medio sin mediación
Código del tipo de medio n
338 ## - TIPO DE SOPORTE
Fuente rdacarrier
Nombre del tipo de soporte volumen
Código Tipo de soporte nc
505 ## - NOTA DE CONTENIDO
Nota de contenido con formato preestablecido El motivo y la llamada misionera -- La vida para ser vivida -- Calificaciones -- Carácter -- Una ofrenda de servicio -- Estudio de la biblia -- Oración -- Predicación -- Evangelismo personal -- Religión comparativa -- Otros estudios y trabajo práctico -- El trabajo en el campo -- Salud -- Estudio del lenguaje -- Rechazado -- La reunión de despedida -- Posdata
563 ## - NOTA DE ENCUADERNACIÓN
Nota de encuadernación Tapa dura
650 #0 - ASIENTO SECUNDARIO DE MATERIA - TERMINO TEMÁTICO
Término temático o nombre geográfico como elemento de entrada Misiones
9 (RLIN) 154
700 1# - ASIENTO SECUNDARIO - NOMBRE PERSONAL
Nombre personal Houghton, A. T.
Fuller form of name (Alfred Thomas),
Fechas asociadas con el nombre 1896-
Responsabilidad editor
942 ## - TIPO DE MATERIAL (KOHA)
Tipo de Item KOHA Libros Patrimoniales
Existencias
Estado de Material Estado de Perdido Forma de Clasificación Estado de Dañado No para Préstamo Colección Biblioteca de Origen Biblioteca Permanente Fecha de Adquisición Total de Préstamos Signatura Topográfica Código de Barras Última vez visto Ejemplar/Existencia Fecha de Remplazo Tipo de Material
    Dewey Decimal Classification     Colección General Biblioteca FUSBC Biblioteca FUSBC 19/10/2018   G 266.1 H715t 4139 12/12/2019 Ej. 1 19/10/2018 Libros General

Biblioteca FUSBC | Teléfono: (57+4) 349 88 10 Ext. 141| WhatsApp (+57) 3005338115 
E-mail: biblioteca@unisbc.edu.co | Calle 76 87-14 Robledo Palenque, Medellín, Colombia

Con tecnología Koha